00926nas a2200229Ia 4500001001100000003000900011008004100020040001300061040001300074041001300087100004700100210001200147222001200159245009300171250001100264260002200275501008600297300001800383362003100401500022100432650004300653R142/77668IT-RoPAU151124c99999999xx |||||||||||| ||und|| aIT-RoPAU cIT-RoPAU aFRANCESE aRicheri GiuseppegCodice Aut. SPICS: 2060 aRESEAUX aReseaux aRESEAUX, N.042 (LUGLIO/AGOSTO 1990)bPublicite' Dechainee De L'Italie Des Annees 80 (La) a1a ed. aPARISbCNETc1990 bPaulus - SPICS - Società San Paolo EM (non-commercial uses only)cCopyright2015 a10 p. [63-72] aN.042 (LUGLIO/AGOSTO 1990) aPubblicità Sfrenata Italiana degli Anni 80. Trasformazione della Distribuzione Commerciale: Dal Prodotto Alla Marca. Trasformazione dei Mass Media: Dall'Oggetto Politico a Quello Economico. Vendere la Televisione. aCOMUNICAZIONEvPUBBLICAZIONE PERIODICA